Kenya Policies For Prosperity (Record no. 98)

MARC details
000 -LEADER
fixed length control field 00405nam a22001337a 4500
008 - FIXED-LENGTH DATA ELEMENTS--GENERAL INFORMATION
fixed length control field 230602b xxu||||| |||| 00| 0 eng d
020 ## - INTERNATIONAL STANDARD BOOK NUMBER
International Standard Book Number 9780199595402
082 ## - DEWEY DECIMAL CLASSIFICATION NUMBER
Classification number 338.96762
100 ## - MAIN ENTRY--PERSONAL NAME
Titles and words associated with a name Christopher S. Adam
Dates associated with a name 2010
245 ## - TITLE STATEMENT
Title Kenya Policies For Prosperity
Remainder of title Africa: Policies For Prosperity
260 ## - PUBLICATION, DISTRIBUTION, ETC. (IMPRINT)
Place of publication, distribution, etc. United States
Name of publisher, distributor, etc. Oxford University Press Inc., New York
Date of publication, distribution, etc. 2010
300 ## - PHYSICAL DESCRIPTION
Extent 428 pages
942 ## - ADDED ENTRY ELEMENTS (KOHA)
Source of classification or shelving scheme Dewey Decimal Classification
Koha item type Books
Holdings
Withdrawn status Lost status Source of classification or shelving scheme Damaged status Not for loan Home library Current library Date acquired Total Checkouts Full call number Barcode Checked out Date last seen Price effective from Koha item type
    Dewey Decimal Classification     Bunge Tower Library Bunge Tower Library 06/02/2023   338.96762 10015507 02/11/2020 06/02/2023 06/02/2023 Books
LIBRARY OPENING HOURS

When the Parliament is sitting: 8.00a.m - 7.00p.m or until the house adjourns
Mondays and Fridays and when the House is on Recess:  8.00a.m - 5.00p.m
Closed on Weekends and Public Holidays

Online Public Access Catalog (OPAC)
Website: http://www.parliament.go.ke
Bunge Library: https://libraryir.parliament.go.ke
Contact: library@parliament.go.ke | Tel no: (254-2)2221291 or 2848000 Ext 5043